Tuyển chọn 302 mạch điện thông dụng

Saved in:
Bibliographic Details
Main Author: Lê Ngọc Cương
Format: Book
Language:Undetermined
Published: Đồng Nai Đồng Nai 2002
Subjects:
Tags: Add Tag
No Tags, Be the first to tag this record!
Institutions: Trung tâm Học liệu Trường Đại học Cần Thơ
LEADER 00515nam a2200181Ia 4500
001 CTU_53840
008 210402s9999 xx 000 0 und d
020 |b 26000 
082 |a 621.38132 
082 |b C561 
100 |a Lê Ngọc Cương 
245 0 |a Tuyển chọn 302 mạch điện thông dụng 
245 0 |c Lê Ngọc Cương 
260 |a Đồng Nai 
260 |b Đồng Nai 
260 |c 2002 
650 |a electronic circuits 
980 |a Trung tâm Học liệu Trường Đại học Cần Thơ